<?xml version="1.0" encoding="UTF-8"?>
<marc:record xmlns:marc="http://www.loc.gov/MARC21/slim">
   <marc:leader>00000nam a2200000 a 4500</marc:leader>
   <marc:datafield ind1="1" ind2=" " tag="100">
      <marc:subfield code="a">Suchanek, Andreas</marc:subfield>
      <marc:subfield code="4">aut</marc:subfield>
      <marc:subfield code="e">Verfasser/-in</marc:subfield>
   </marc:datafield>
   <marc:datafield ind1="0" ind2="0" tag="245">
      <marc:subfield code="a">Die 12 Häuser der Magie</marc:subfield>
   </marc:datafield>
   <marc:datafield ind1="0" ind2="0" tag="245">
      <marc:subfield code="b">Schicksalskämpfer</marc:subfield>
   </marc:datafield>
   <marc:datafield ind1="0" ind2="0" tag="245">
      <marc:subfield code="c">Andreas Suchanek</marc:subfield>
   </marc:datafield>
   <marc:datafield ind1=" " ind2="1" tag="264">
      <marc:subfield code="a">Hürth</marc:subfield>
      <marc:subfield code="b">Drachenmond</marc:subfield>
      <marc:subfield code="c">2024</marc:subfield>
   </marc:datafield>
   <marc:datafield ind1=" " ind2=" " tag="250">
      <marc:subfield code="a">M.Ill.</marc:subfield>
   </marc:datafield>
   <marc:datafield ind1="1" ind2=" " tag="520">
      <marc:subfield code="a">Das Leben von Nicholas Ashton liegt in Trümmern. Gejagt von ihren Feinden, haben Liz und Nic im letzten Augenblick das sichere Haus erreicht. Von Jane und Matt fehlt jedoch weiterhin jede Spur. Der Fluch des Dämons scheint sich zu erfüllen, die Intrige ging auf. Ist ein zweites Regnum noch aufzuhalten? Nic und Liz setzen alles daran, unter schwierigsten Bedingungen gegen ihre Feinde zu bestehen. Da erfährt Nic eine grauenvolle Wahrheit und das Schicksal schlägt erneut zu. Die 12 Häuser der Magie Band 1: Schicksalswächter Band 2: Schicksalskämpfer Band 3: Schicksalsretter</marc:subfield>
   </marc:datafield>
   <marc:datafield ind1=" " ind2=" " tag="020">
      <marc:subfield code="a">9783959915984</marc:subfield>
      <marc:subfield code="9">9783959915984</marc:subfield>
   </marc:datafield>
   <marc:datafield ind1=" " ind2=" " tag="020">
      <marc:subfield code="a">3959915977</marc:subfield>
      <marc:subfield code="9">3959915977</marc:subfield>
   </marc:datafield>
   <marc:datafield ind1=" " ind2=" " tag="300">
      <marc:subfield code="a">295 S.</marc:subfield>
   </marc:datafield>
</marc:record>
